000 01390nam a2200421 i 4500
001 25226
003 KOSZ 005
005 20200624113907.0
008 070713s1970 pl a f |000 0 pol
015 _aUWD 1970/7395
035 _a991035039639705066
035 _a(PL-WaBN)b19424681-48omnis_nlop
035 _ab19424681
035 _a(OCoLC)751229667
035 _a(PL)b0000001942468
035 _a(EXLNZ-48OMNIS_NETWORK)9910276146805606
040 _aWA N
_cWA N
_dKOSZ 005/EG
080 _a637.1
100 1 _aTuszyński, Wojciech
_eAutor
245 1 0 _aInżynieria w mleczarstwie /
_cWojciech Tuszyński.
260 _aWarszawa :
_bPaństwowe Wydawnictwo Rolnicze i Leśne,
_c1970.
300 _a258, [2] s., [2] k. tabl. :
_bil. ;
_c23 cm.
336 _aTekst
_btxt
_2rdacontent
337 _aBez urządzenia pośredniczącego
_bn
_2rdamedia
338 _aWolumin
_bnc
_2rdacarrier
380 _aKsiążki
388 _a1901-2000
388 _a1945-1989
504 _aBibliogr.
650 7 _aMleczarstwo
_2DBN
650 7 _aTechnologia
658 _aInżynieria i technika
658 _aRolnictwo i leśnictwo
710 2 _aPaństwowe Wydawnictwo Rolnicze i Leśne
_4pbl
856 _uhttp://koha.tu.koszalin.pl/cgi-bin/koha/opac-detail.pl?biblionumber=25226
_yKatalog online BPK
942 _2UKD
_cKS
999 _c25226
_d25226